<?xml version="1.0" encoding="UTF-8"?>
<collection xmlns="http://www.loc.gov/MARC21/slim">
  <record>
    <leader>00000nam  2200000   4500</leader>
    <controlfield tag="001">INLIS000000000001694</controlfield>
    <controlfield tag="005">20180724142846</controlfield>
    <controlfield tag="008">180724|||||||||   |   |||   |||| ||   | </controlfield>
    <datafield tag="035" ind1=" " ind2=" ">
      <subfield code="0">010-0718001694</subfield>
    </datafield>
    <datafield tag="041" ind1=" " ind2=" ">
      <subfield code="a">id</subfield>
    </datafield>
    <datafield tag="082" ind1=" " ind2=" ">
      <subfield code="a">R 046</subfield>
    </datafield>
    <datafield tag="090" ind1=" " ind2=" ">
      <subfield code="a">R 046 PIM I 2016</subfield>
    </datafield>
    <datafield tag="100" ind1=" " ind2=" ">
      <subfield code="a">Suardini Deni</subfield>
    </datafield>
    <datafield tag="245" ind1=" " ind2=" ">
      <subfield code="a">Penerapan Manajemen Risiko Sektor Pemerintahan Berbasis ISO 31000 Guna Peningkatan Kinerja Pemerintah</subfield>
    </datafield>
    <datafield tag="260" ind1=" " ind2=" ">
      <subfield code="a">Jakarta</subfield>
      <subfield code="b">LAN Jakrta</subfield>
      <subfield code="c">2016</subfield>
    </datafield>
    <datafield tag="300" ind1=" " ind2=" ">
      <subfield code="a">32 hlm., Ilus, 30 cm</subfield>
    </datafield>
    <datafield tag="500" ind1=" " ind2=" ">
      <subfield code="a">Proyek Perubahan berupa peningkatan efektivitas manajemen risiko sektor pemerintahan berbasis ISO 31000 yang didukung Sistem aplikasi Penilaian Risiko (Risk Assesment Tool) merupakan alternatif solusi dan gagasan baru yang penuh inovatif, penuh kreatif, dan penuh implemntatif serta bermanfaat bagi terwujudnya pemerintahan yang baik dan bersih (Good Governance and Clean Goverment) yang dibangun melalui aliansi strategis yang penuh kolaboratif berupa koordinasi dan sinergi.</subfield>
    </datafield>
    <datafield tag="650" ind1=" " ind2=" ">
      <subfield code="a">ISO 31000</subfield>
    </datafield>
  </record>
</collection>
